00452nam a2200145Ia 4500008004100000100001800041245007700059245001800136260003900154260000900193300001200202650001800214650001500232856005900247170221s9999 xx 000 0 und d aGuo Jing-ying aDilemma of Empowerment: Responsibility Attribution in Prison Counseling  cGuo Jing-ying bStudies in Media and Communication c2014 a34 : 18 xCommunication xMedia Arts uhttp://redfame.com/journal/index.php/smc/issue/view/15